=LDR 00000nam 2200000 4500 =001 INLIS000000000029701 =005 20130612131919 =008 ***********************************Ind** =035 ##$$0010-061300000029701 =041 ##$$a Ind =082 ##$$a 641.48 =090 ##$$a 641.48, Ism s =100 ##$$a Ismayani, Yeni =245 ##$$a 100 tip antigagal bikin kue, Yeni Ismayani =260 ##$$a 2007 $b Jakarta =300 ##$$a vi, 66 hlm, 23 cm =650 ##$$a Kue =850 ##$$a NBPNMAT